Logo des entreprises du DAX allemand - Statistiques

Statistiques générales
  • Ce quiz a été pris 30 fois
  • Le résultat moyen est 13 sur 40
Statistiques - réponses
Par images Hint Réponse % Correct
Textile, sport Adidas
100%
Assurance Allianz
96%
Automobile BMW
96%
Automobile Daimler Truck
96%
Automobile Porsche
89%
Automobile Volkswagen
81%
Équipementier automobile Continental
70%
Composants électriques et électroniques Siemens
70%
Industrie pharmaceutique Bayer
59%
Aéronautique Airbus
52%
Automobile Mercedes-Benz
52%
E-commerce Zalando
48%
Service postier Deutsche Post / DHL
44%
Banque Deutsche Bank
37%
Industrie chimique BASF
30%
Informatique SAP
30%
Énergie Siemens Energy
26%
Armement, équipements automobiles Rheinmetall
22%
Télécommunications Deutsche Telekom
19%
Distribution Henkel
19%
Banque Commerzbank
11%
Bourse Deutsche Börse
11%
Eau et électricité E.ON
11%
Eau et électricité RWE
11%
Industrie pharmaceutique Scout24
11%
Industrie pharmaceutique Merck
7%
Industrie aéronautique MTU Aero Engines
7%
Réassurance Munich RE
7%
Cosmétique Beiersdorf
4%
Industrie chimique Brenntag
4%
Santé Fresenius
4%
Industrie pharmaceutique Fresenius Medical Care
4%
Industrie pharmaceutique GEA Group
4%
Réassurance Hannover Rück
4%
Matériaux de construction Heidelberg Materials
4%
Semi-conducteur Infineon
4%
Dispositifs médicaux Qiagen
4%
Santé Siemens Healthineers
4%
Industrie chimique Symrise
4%
Immobilier Vonovia
4%
Aucun quiz correspondant
Distribution des résultats
% des personnes avec chaque résultat
Percentile par nombre de réponses
Votre historique - résultats
Vous n’avez pas pris ce quiz